MARC details
| 000 -LEADER |
| fixed length control field |
01006nam a22003017a 4500 |
| 003 - CONTROL NUMBER IDENTIFIER |
| control field |
SEM |
| 005 - DATE AND TIME OF LATEST TRANSACTION |
| control field |
20240621121230.0 |
| 008 - FIXED-LENGTH DATA ELEMENTS--GENERAL INFORMATION |
| fixed length control field |
240614s1999 cau||||gr||||||01|||rus|d |
| 020 ## - INTERNATIONAL STANDARD BOOK NUMBER |
| International Standard Book Number |
0-7363-0545-9 (Т. 1) |
| 020 ## - INTERNATIONAL STANDARD BOOK NUMBER |
| International Standard Book Number |
0-7363-0551-3 (США) (Т. 2) |
| 020 ## - INTERNATIONAL STANDARD BOOK NUMBER |
| International Standard Book Number |
5-901482-0186-8 (Рос.) (Т. 2) |
| 020 ## - INTERNATIONAL STANDARD BOOK NUMBER |
| International Standard Book Number |
0-7363-0557-2 (США) (Т. 3) |
| 020 ## - INTERNATIONAL STANDARD BOOK NUMBER |
| International Standard Book Number |
5-901482-0188-8 (Рос.) (Т. 3) |
| 040 ## - CATALOGING SOURCE |
| Original cataloging agency |
SEM |
| Transcribing agency |
SEM |
| 082 ## - DEWEY DECIMAL CLASSIFICATION NUMBER |
| Classification number |
228/Л-55 |
| 100 ## - MAIN ENTRY--PERSONAL NAME |
| Personal name |
Ли, Уитнесс |
| Dates associated with a name |
(1905-1997) |
| 245 ## - TITLE STATEMENT |
| Title |
Жизнеизучение : |
| Remainder of title |
Откровения / |
| Statement of responsibility, etc. |
У. Ли |
| 246 ## - VARYING FORM OF TITLE |
| Title proper/short title |
Life-Study of Revelation / |
| 260 ## - PUBLICATION, DISTRIBUTION, ETC. |
| Place of publication, distribution, etc. |
Анахайм : |
| Name of publisher, distributor, etc. |
«Живой поток», |
| Date of publication, distribution, etc. |
1999. |
| 300 ## - PHYSICAL DESCRIPTION |
| Extent |
Т. ; |
| Dimensions |
20 см |
| 505 ## - FORMATTED CONTENTS NOTE |
| Formatted contents note |
Т. 1- |
| Miscellaneous information |
1999.-XVIII+229 с.<br/> |
| 505 ## - FORMATTED CONTENTS NOTE |
| Formatted contents note |
Т. 2- |
| Miscellaneous information |
2002.-XII+231-427 с.<br/> |
| 505 ## - FORMATTED CONTENTS NOTE |
| Formatted contents note |
Т. 3 - |
| Miscellaneous information |
2002.-XII+429-635 с.<br/> |
| 650 ## - SUBJECT ADDED ENTRY--TOPICAL TERM |
| Topical term or geographic name entry element |
Новий Завет |
| General subdivision |
Откровение |
| 650 ## - SUBJECT ADDED ENTRY--TOPICAL TERM |
| Topical term or geographic name entry element |
Книга заключения |
| 653 ## - INDEX TERM--UNCONTROLLED |
| Uncontrolled term |
ՍԷՄ |
| 942 ## - ADDED ENTRY ELEMENTS (KOHA) |
| Source of classification or shelving scheme |
Dewey Decimal Classification |
| Koha item type |
Գրքեր/Books |